000
00251nam a2200097Ia 4500
001
709447
005
20250826162547.0
008
250824s9999 xx 000 0 und d
245
0
_a
KÜÇÜK ÇOBAN ALİM KIZ III
_c
CAHİT UÇUK
260
_b
BİLGE YAYINLARI
999
_c
709447
_d
709447